<?xml version="1.0" encoding="UTF-8"?><?xml-stylesheet type="text/xsl" href="static/style.xsl"?><OAI-PMH xmlns="http://www.openarchives.org/OAI/2.0/" xmlns:xsi="http://www.w3.org/2001/XMLSchema-instance" xsi:schemaLocation="http://www.openarchives.org/OAI/2.0/ http://www.openarchives.org/OAI/2.0/OAI-PMH.xsd"><responseDate>2026-04-17T01:33:22Z</responseDate><request verb="GetRecord" identifier="oai:www.recercat.cat:2117/121146" metadataPrefix="marc">https://recercat.cat/oai/request</request><GetRecord><record><header><identifier>oai:recercat.cat:2117/121146</identifier><datestamp>2025-07-22T21:20:23Z</datestamp><setSpec>com_2072_1033</setSpec><setSpec>col_2072_452951</setSpec></header><metadata><record xmlns="http://www.loc.gov/MARC21/slim" xmlns:dcterms="http://purl.org/dc/terms/" xmlns:xsi="http://www.w3.org/2001/XMLSchema-instance" xmlns:doc="http://www.lyncode.com/xoai" xsi:schemaLocation="http://www.loc.gov/MARC21/slim http://www.loc.gov/standards/marcxml/schema/MARC21slim.xsd">
   <leader>00925njm 22002777a 4500</leader>
   <datafield ind2=" " ind1=" " tag="042">
      <subfield code="a">dc</subfield>
   </datafield>
   <datafield ind2=" " ind1=" " tag="720">
      <subfield code="a">Villanueva Castro, Emilio</subfield>
      <subfield code="e">author</subfield>
   </datafield>
   <datafield ind2=" " ind1=" " tag="260">
      <subfield code="c">2018-06-20</subfield>
   </datafield>
   <datafield ind2=" " ind1=" " tag="520">
      <subfield code="a">El present treball analitza l'aplicació de la gamificació en el disseny i implementació d'activitats a les aules. Es proporciona una definició de les característiques d'un projecte per tal que es consideri que aplica la gamificació, i finalment es proposa un exemple real. També s'analitza la plataforma Toolbox (http://toolbox.mobileworldcapital.com) de recursos educatius per a docents amb l'objectiu d'aplicar les conclusions obtingudes al voltant de la gamificació i millorar l'etiquetatge dels recursos d'aquest àmbit. El treball ha seguit un procés que podria considerar-se estàndard i reutilitzable si apareixen conflictes amb altres etiquetes. Per començar, d'una banda s'ha fet una recerca bibliogràfica per entendre què són la gamificació i l'aprenentatge basat en el joc. D'altra banda, s'ha avaluat un bon nombre d'apps i experiències dels dos tipus. En segon lloc, s'ha confeccionat un marc de disseny per activitats de gamificació i s'ha creat una activitat real, amb el lloc web https://fili8848.wixsite.com/domus com a element central. En tercer lloc, l'activitat s'ha afegit a Toolbox. Durant el procés s'han analitzat els aspectes favorables i els que es podrien millorar, i s'han fet unes recomanacions. Finalment, ha quedat comprovat que el procés és útil per arribar a unes propostes de millora concretes, i queda com futur treball, per un costat, implementar aquestes millores a Toolbox, i per l'altre, monitorar l'experiència creada i veure si els usuaris la troben útil.</subfield>
   </datafield>
   <datafield tag="653" ind2=" " ind1=" ">
      <subfield code="a">Àrees temàtiques de la UPC::Ensenyament i aprenentatge::Ensenyament secundari</subfield>
   </datafield>
   <datafield tag="653" ind2=" " ind1=" ">
      <subfield code="a">Gamification -- Study and teaching (Secondary)</subfield>
   </datafield>
   <datafield tag="653" ind2=" " ind1=" ">
      <subfield code="a">gamificació</subfield>
   </datafield>
   <datafield tag="653" ind2=" " ind1=" ">
      <subfield code="a">aprenentatge basat en el joc</subfield>
   </datafield>
   <datafield tag="653" ind2=" " ind1=" ">
      <subfield code="a">treball per projectes</subfield>
   </datafield>
   <datafield tag="653" ind2=" " ind1=" ">
      <subfield code="a">gamification</subfield>
   </datafield>
   <datafield tag="653" ind2=" " ind1=" ">
      <subfield code="a">game-based learning</subfield>
   </datafield>
   <datafield tag="653" ind2=" " ind1=" ">
      <subfield code="a">project-based learning</subfield>
   </datafield>
   <datafield tag="653" ind2=" " ind1=" ">
      <subfield code="a">Ludificació -- Educació secundària</subfield>
   </datafield>
   <datafield ind2="0" ind1="0" tag="245">
      <subfield code="a">Gamificació, game-based learning i l'etiquetatge a Toolbox</subfield>
   </datafield>
</record></metadata></record></GetRecord></OAI-PMH>